<?xml version="1.0" encoding="UTF-8"?>
<collection xmlns="http://www.loc.gov/MARC21/slim">
 <record>
  <leader>00484nam a22001695a 4500</leader>
  <controlfield tag="001">EUN.um047115</controlfield>
  <controlfield tag="003">AR-BaUNS</controlfield>
  <controlfield tag="005">20050623122915.0</controlfield>
  <controlfield tag="008">041125s1959####sp############000#0#spa#d</controlfield>
  <datafield tag="245" ind1="1" ind2="0">
   <subfield code="a">Historia de la segunda república /</subfield>
   <subfield code="c">Berta Pensado.</subfield>
  </datafield>
  <datafield tag="260" ind1=" " ind2=" ">
   <subfield code="a">Madrid :</subfield>
   <subfield code="b">Ibarra,</subfield>
   <subfield code="c">1959.</subfield>
  </datafield>
  <datafield tag="300" ind1=" " ind2=" ">
   <subfield code="a">30 p.</subfield>
  </datafield>
  <datafield tag="490" ind1="0" ind2=" ">
   <subfield code="a">Colec. Temas españoles, 71</subfield>
  </datafield>
  <datafield tag="100" ind1="1" ind2=" ">
   <subfield code="a">Pensado, Berta.</subfield>
  </datafield>
  <datafield tag="082" ind1="0" ind2="4">
   <subfield code="a">946.081</subfield>
  </datafield>
  <datafield tag="250" ind1=" " ind2=" ">
   <subfield code="a">3. ed.</subfield>
  </datafield>
  <datafield tag="859" ind1=" " ind2=" ">
   <subfield code="a">Ar-BaUNS</subfield>
   <subfield code="b">BIB. CENTRAL - Sector C</subfield>
   <subfield code="h">946.081</subfield>
   <subfield code="i">P387</subfield>
   <subfield code="p">71314/974</subfield>
  </datafield>
 </record>
</collection>
